Foreign direct investment, corporate finance and the life cycle of investment

Salvato in:
Dettagli Bibliografici
Autore principale: Geršl, Adam
Altri autori: Hlaváček, Michal
Natura: Capitolo di libro
Lingua:inglese
Soggetti:
Tags: Aggiungi Tag
Nessun Tag, puoi essere il primo ad aggiungerne!!

MARC

LEADER 00000naa$a2200000$$$4500
001 0070312
005 20231010111908.6
041 0 |a eng 
044 |a CZ 
245 1 0 |a Foreign direct investment, corporate finance and the life cycle of investment  |c Adam Geršl, Michal Hlaváček 
610 2 0 |a investície priame zahraničné 
610 2 0 |a financie podnikové 
610 2 0 |a cyklus životný 
610 2 0 |a Česko 
100 1 |a Geršl, Adam 
700 1 |a Hlaváček, Michal